Southville International School and Colleges
Your cart is empty.
  • Cart
  • Lists
    Public lists Eva Luna New books Lux_list list_1
    Your lists Log in to create your own lists
  • Log in to your account
  • Your cookies
  • Search history
Southville International School and Colleges
  • Advanced search
  • Recent comments
  • Most popular
  • Libraries

Log in to your account

Log in with GOOGLE


If you do not have an external account, but do have a local account, you can still log in:

  1. Home
  2. MARC view: A World of stories for preachers and teachers :
Normal view MARC view ISBD view

A World of stories for preachers and teachers : (Record no. 19844)

[ view plain ]
MARC details
000 -LEADER
fixed length control field 00646nam a2200205 a 4500
003 - CONTROL NUMBER IDENTIFIER
control field SISC
005 - DATE AND TIME OF LATEST TRANSACTION
control field 20191120143347.0
008 - FIXED-LENGTH DATA ELEMENTS--GENERAL INFORMATION
fixed length control field 021121s19uu xx 00 eng d
020 ## - INTERNATIONAL STANDARD BOOK NUMBER
International Standard Book Number 971590386
050 ## - LIBRARY OF CONGRESS CALL NUMBER
Classification number BV 4225.2
Item number .B38 2001
100 ## - MAIN ENTRY--PERSONAL NAME
Personal name Bausch, William J.
245 ## - TITLE STATEMENT
Title A World of stories for preachers and teachers :
Remainder of title and all who love stories that move and challenge /
Statement of responsibility, etc William J. Bausch.
260 ## - PUBLICATION, DISTRIBUTION, ETC. (IMPRINT)
Place of publication, distribution, etc Pasay City ;
Name of publisher, distributor, etc Paulines,
Date of publication, distribution, etc 2001.
300 ## - PHYSICAL DESCRIPTION
Extent 302 p. :
Dimensions 22 cm.
650 ## - SUBJECT ADDED ENTRY--TOPICAL TERM
Topical term or geographic name as entry element Homiletical illustrations
650 ## - SUBJECT ADDED ENTRY--TOPICAL TERM
Topical term or geographic name as entry element Stroytelling
General subdivision religious aspects
-- christianity
942 ## - ADDED ENTRY ELEMENTS (KOHA)
Koha item type Books
Source of classification or shelving scheme Library of Congress Classification
Call number prefix Local
Holdings
Withdrawn status Lost status Source of classification or shelving scheme Damaged status Home library Current library Shelving location Date acquired Total Checkouts Full call number Barcode Date last seen Copy number Price effective from Koha item type
    Library of Congress Classification   College Library College Library Filipiniana Section 11/26/2013   BV 4225.2 .B38 2001 vol.1 C1363 05/08/2018 1 11/26/2013 Books
    Library of Congress Classification   College Library College Library General Circulation Section 11/26/2013   BV 4225.2 .B38 2001 vol.2 C1364 05/15/2018 2 11/26/2013 Books

A World of stories for preachers and teachers :

APA

Bausch W. J., . (2001). A World of stories for preachers and teachers. Pasay City: Paulines.

Chicago

Bausch William J, . 2001. A World of stories for preachers and teachers. Pasay City: Paulines.

Harvard

Bausch W. J., . (2001). A World of stories for preachers and teachers. Pasay City: Paulines.

MLA

Bausch William J, . A World of stories for preachers and teachers. Pasay City: Paulines. 2001.

  • Place hold
  • Print
  • Cite
  • Add to your cart (remove)
  • Save record
    BIBTEX Dublin Core MARCXML MARC (non-Unicode/MARC-8) MARC (Unicode/UTF-8) MARC (Unicode/UTF-8, Standard) MODS (XML) RIS
  • More searches
    Search for this title in:
    Other Libraries (WorldCat) Other Databases (Google Scholar) Online Stores (Bookfinder.com) Open Library (openlibrary.org)

Exporting to Dublin Core...

SOUTHVILLE LIBRARY

Southville International School and Colleges Library

1281 Tropical Ave. Cor. Luxembourg St., BF Homes International, Las Pinas City

Tel. No. 8256374 / 252358 Loc. 117/146

Powered by Koha